000 00358nam a2200145Ia 4500
008 230917s9999||||xx |||||||||||||| ||und||
040 _e70913
_aMAIN
041 _aEnglish
082 _a822.09 E15S
100 _aEvans, B Ifor
245 0 _aShort history of English drama
260 _aLudhiana
_bLyall Book Depot
_c1964
300 _a172 p.
942 _cBK
999 _c153922
_d153922